| 000 | 01143cam a22002894a 4500 | ||
|---|---|---|---|
| 001 | 11878775 | ||
| 003 | OSt | ||
| 005 | 20170217175236.0 | ||
| 008 | 000103s2000 ctua b 001 0 eng | ||
| 010 | _a 00020903 | ||
| 020 | _a0865692971 (alk. paper) | ||
| 020 | _a086569298X (paper : alk. paper) | ||
| 040 |
_aDLC _cDLC _dDLC |
||
| 042 | _apcc | ||
| 082 | 0 | 0 |
_aW 84 _bD833h 2000 |
| 100 | 1 |
_aDrinka, Theresa J. K. _911610 |
|
| 245 | 1 | 0 |
_aHealth care teamwork : _binterdisciplinary practice and teaching / _cTheresa J.K. Drinka and Phillip G. Clark ; foreword by DeWitt C. Baldwin, Jr. |
| 260 |
_aWestport, CT : _bAuburn House, _c2000. |
||
| 300 |
_axix, 196 p. : _bill. ; _c24 cm. |
||
| 504 | _a"Bibliography": p. 183-192. | ||
| 504 | _aIncludes bibliographical references and index. | ||
| 650 | 0 |
_aHealth care teams. _911611 |
|
| 700 | 1 |
_aClark, Phillip G. _911612 |
|
| 906 |
_a7 _bcbc _corignew _d1 _eocip _f20 _gy-gencatlg |
||
| 942 |
_2z _cO_SHELF |
||
| 999 |
_c5563 _d5563 |
||